| 000 -LEADER |
| fixed length control field |
04684cam a2200697 i 4500 |
| 001 - CONTROL NUMBER |
| control field |
22535881 |
| 003 - CONTROL NUMBER IDENTIFIER |
| control field |
NUST |
| 005 - DATE AND TIME OF LATEST TRANSACTION |
| control field |
20220828155836.0 |
| 008 - FIXED-LENGTH DATA ELEMENTS--GENERAL INFORMATION |
| fixed length control field |
220505t20192019nyua 000 0aeng c |
| 010 ## - LIBRARY OF CONGRESS CONTROL NUMBER |
| LC control number |
2021279438 |
| 020 ## - INTERNATIONAL STANDARD BOOK NUMBER |
| International Standard Book Number |
9781501195471 |
| Qualifying information |
(hardcover) |
| 020 ## - INTERNATIONAL STANDARD BOOK NUMBER |
| International Standard Book Number |
1501195476 |
| Qualifying information |
(hardcover) |
| 020 ## - INTERNATIONAL STANDARD BOOK NUMBER |
| Canceled/invalid ISBN |
9781501195488 |
| Qualifying information |
(ebook) |
| 035 ## - SYSTEM CONTROL NUMBER |
| System control number |
(OCoLC)on1056733522 |
| 040 ## - CATALOGING SOURCE |
| Original cataloging agency |
YDX |
| Language of cataloging |
eng |
| Transcribing agency |
YDX |
| Description conventions |
rda |
| -- |
rda |
| Modifying agency |
BDX |
| -- |
OCLCQ |
| -- |
AZZPT |
| -- |
HBP |
| -- |
OSU |
| -- |
GZD |
| -- |
VP@ |
| -- |
TWP |
| -- |
OCLCF |
| -- |
DGU |
| -- |
PIT |
| -- |
OCL |
| -- |
OCLCA |
| -- |
OCLCQ |
| -- |
OCLCO |
| -- |
MBU |
| -- |
OCL |
| -- |
COH |
| -- |
OCLCO |
| -- |
DLC |
| 042 ## - AUTHENTICATION CODE |
| Authentication code |
pcc |
| 050 00 - LIBRARY OF CONGRESS CALL NUMBER |
| Classification number |
PS3615.K67 |
| Item number |
Z46 2019 |
| 060 #4 - NATIONAL LIBRARY OF MEDICINE CALL NUMBER |
| Classification number |
PS3615.K67 |
| Item number |
Z46 2019 |
| 082 00 - DEWEY DECIMAL CLASSIFICATION NUMBER |
| Classification number |
892.8 |
| Author Mark |
OKO |
| 100 1# - MAIN ENTRY--PERSONAL NAME |
| Personal name |
Okorafor, Nnedi, |
| Relator term |
author. |
| 9 (RLIN) |
94711 |
| 245 10 - TITLE STATEMENT |
| Title |
Broken places & outer spaces : |
| Remainder of title |
finding creativity in the unexpected |
| Statement of responsibility, etc. |
Nnedi Okorafor ; illustrations by Shyama Golden. |
| 246 3# - VARYING FORM OF TITLE |
| Title proper/short title |
Broken places and outer spaces |
| 250 ## - EDITION STATEMENT |
| Edition statement |
First Simon & Schuster hardcover edition. |
| 260 ## - PUBLICATION, DISTRIBUTION, ETC. |
| Place of publication, distribution, etc. |
New York |
| Name of publisher, distributor, etc. |
Simon & Schuster, |
| Date of publication, distribution, etc. |
2019 |
| 300 ## - PHYSICAL DESCRIPTION |
| Extent |
88 pages : |
| Other physical details |
color illustrations ; |
| Dimensions |
19 cm. |
| 336 ## - CONTENT TYPE |
| Content type term |
text |
| Content type code |
txt |
| Source |
rdacontent |
| 336 ## - CONTENT TYPE |
| Content type term |
still image |
| Content type code |
sti |
| Source |
rdacontent |
| 337 ## - MEDIA TYPE |
| Media type term |
unmediated |
| Media type code |
n |
| Source |
rdamedia |
| 338 ## - CARRIER TYPE |
| Carrier type term |
volume |
| Carrier type code |
nc |
| Source |
rdacarrier |
| 490 0# - SERIES STATEMENT |
| Series statement |
TED books |
| 505 00 - FORMATTED CONTENTS NOTE |
| Miscellaneous information |
Chapter 1. |
| Title |
Beached -- |
| Miscellaneous information |
Chapter 2. |
| Title |
Retrograde -- |
| Miscellaneous information |
Chapter 3. |
| Title |
Bugs -- |
| Miscellaneous information |
Chapter 4. |
| Title |
The portal -- |
| Miscellaneous information |
Chapter 5. |
| Title |
White coats -- |
| Miscellaneous information |
Chapter 6. |
| Title |
I made her from clay -- |
| Miscellaneous information |
Chapter 7. |
| Title |
Twitch -- |
| Miscellaneous information |
Chapter 8. |
| Title |
Rusting robot -- |
| Miscellaneous information |
Chapter 9. |
| Title |
Dammit -- |
| Miscellaneous information |
Chapter 10. |
| Title |
My singularity -- |
| Miscellaneous information |
Chapter 11. |
| Title |
Machine -- |
| Miscellaneous information |
Chapter 12. |
| Title |
The beach. |
| 520 ## - SUMMARY, ETC. |
| Summary, etc. |
"Nnedi Okorafor was never supposed to be paralyzed. A college track star and budding entomologist, Nnedi's lifelong battle with scoliosis was just a bump in her plan--something a simple operation would easily correct. But when Nnedi wakes from the surgery to find she can't move her legs, her entire sense of self begins to waver. Confined to a hospital bed for months, unusual things begin to happen. Psychedelic bugs crawl her hospital walls; strange dreams visit her nightly. Nnedi begins to put these experiences into writing, conjuring up strange, fantastical stories. What Nnedi discovers during her confinement would prove to be the key to her life as a successful science fiction author: In science fiction, when something breaks, something greater often emerges from the cracks. In Broken Places & Outer Spaces, Nnedi takes the reader on a journey from her hospital bed deep into her memories, from her painful first experiences with racism as a child in Chicago to her powerful visits to her parents' hometown in Nigeria. From Frida Kahlo to Mary Shelly, she examines great artists and writers who have pushed through their limitations, using hardship to fuel their work. Through these compelling stories and her own, Nnedi reveals a universal truth: What we perceive as limitations have the potential to become our greatest strengths--far greater than when we were unbroken. A guidebook for anyone eager to understand how their limitations might actually be used as a creative springboard, Broken Places & Outer Spaces is an inspiring look at how to open up new windows in your mind."--Provided by publisher. |
| 563 ## - BINDING INFORMATION |
| Binding note |
HB |
| 600 10 - SUBJECT ADDED ENTRY--PERSONAL NAME |
| Personal name |
Okorafor, Nnedi. |
| 9 (RLIN) |
94711 |
| 648 #7 - SUBJECT ADDED ENTRY--CHRONOLOGICAL TERM |
| Chronological term |
2000-2099 |
| Source of heading or term |
fast |
| 9 (RLIN) |
19929 |
| 650 #0 - SUBJECT ADDED ENTRY--TOPICAL TERM |
| Topical term or geographic name entry element |
Resilience (Personality trait) |
| 9 (RLIN) |
94712 |
| 650 #0 - SUBJECT ADDED ENTRY--TOPICAL TERM |
| Topical term or geographic name entry element |
Self-acceptance. |
| 9 (RLIN) |
94713 |
| 650 #0 - SUBJECT ADDED ENTRY--TOPICAL TERM |
| Topical term or geographic name entry element |
Well-being. |
| 9 (RLIN) |
88933 |
| 650 #0 - SUBJECT ADDED ENTRY--TOPICAL TERM |
| Topical term or geographic name entry element |
Life skills. |
| 9 (RLIN) |
7951 |
| 650 #0 - SUBJECT ADDED ENTRY--TOPICAL TERM |
| Topical term or geographic name entry element |
Authors, American |
| Chronological subdivision |
21st century |
| Form subdivision |
Biography. |
| 9 (RLIN) |
94714 |
| 650 #6 - SUBJECT ADDED ENTRY--TOPICAL TERM |
| Topical term or geographic name entry element |
Résilience (Trait de personnalité) |
| 9 (RLIN) |
94715 |
| 650 #6 - SUBJECT ADDED ENTRY--TOPICAL TERM |
| Topical term or geographic name entry element |
Acceptation de soi. |
| 9 (RLIN) |
94716 |
| 650 #6 - SUBJECT ADDED ENTRY--TOPICAL TERM |
| Topical term or geographic name entry element |
Bien-être. |
| 9 (RLIN) |
94717 |
| 650 #6 - SUBJECT ADDED ENTRY--TOPICAL TERM |
| Topical term or geographic name entry element |
Habiletés de base. |
| 9 (RLIN) |
94718 |
| 650 #6 - SUBJECT ADDED ENTRY--TOPICAL TERM |
| Topical term or geographic name entry element |
Écrivains américains |
| Chronological subdivision |
21e siècle |
| Form subdivision |
Biographies. |
| 9 (RLIN) |
94719 |
| 650 #7 - SUBJECT ADDED ENTRY--TOPICAL TERM |
| Topical term or geographic name entry element |
Authors, American. |
| Source of heading or term |
fast |
| Authority record control number or standard number |
(OCoLC)fst00821764 |
| 9 (RLIN) |
94720 |
| 650 #7 - SUBJECT ADDED ENTRY--TOPICAL TERM |
| Topical term or geographic name entry element |
Life skills. |
| Source of heading or term |
fast |
| Authority record control number or standard number |
(OCoLC)fst00998359 |
| 9 (RLIN) |
7951 |
| 650 #7 - SUBJECT ADDED ENTRY--TOPICAL TERM |
| Topical term or geographic name entry element |
Resilience (Personality trait) |
| Source of heading or term |
fast |
| Authority record control number or standard number |
(OCoLC)fst01095573 |
| 9 (RLIN) |
94712 |
| 650 #7 - SUBJECT ADDED ENTRY--TOPICAL TERM |
| Topical term or geographic name entry element |
Self-acceptance. |
| Source of heading or term |
fast |
| Authority record control number or standard number |
(OCoLC)fst01111471 |
| 9 (RLIN) |
94713 |
| 650 #7 - SUBJECT ADDED ENTRY--TOPICAL TERM |
| Topical term or geographic name entry element |
Well-being. |
| Source of heading or term |
fast |
| Authority record control number or standard number |
(OCoLC)fst01402723 |
| 9 (RLIN) |
88933 |
| 655 #2 - INDEX TERM--GENRE/FORM |
| Genre/form data or focus term |
Autobiography |
| 9 (RLIN) |
94721 |
| 655 #7 - INDEX TERM--GENRE/FORM |
| Genre/form data or focus term |
Autobiographies. |
| Source of term |
fast |
| Authority record control number |
(OCoLC)fst01919894 |
| 9 (RLIN) |
93795 |
| 655 #7 - INDEX TERM--GENRE/FORM |
| Genre/form data or focus term |
Biographies. |
| Source of term |
fast |
| Authority record control number |
(OCoLC)fst01919896 |
| 9 (RLIN) |
33106 |
| 655 #7 - INDEX TERM--GENRE/FORM |
| Genre/form data or focus term |
Autobiographies. |
| Source of term |
lcgft |
| 9 (RLIN) |
93795 |
| 655 #7 - INDEX TERM--GENRE/FORM |
| Genre/form data or focus term |
Autobiographies. |
| Source of term |
rvmgf |
| 9 (RLIN) |
93795 |
| 700 1# - ADDED ENTRY--PERSONAL NAME |
| Personal name |
Golden, Shyama, |
| Relator term |
illustrator. |
| 9 (RLIN) |
94722 |
| 830 #0 - SERIES ADDED ENTRY--UNIFORM TITLE |
| Uniform title |
Ted books. |
| 9 (RLIN) |
94723 |
| 906 ## - LOCAL DATA ELEMENT F, LDF (RLIN) |
| a |
7 |
| b |
cbc |
| c |
pccadap |
| d |
2 |
| e |
ncip |
| f |
20 |
| g |
y-gencatlg |
| 942 ## - ADDED ENTRY ELEMENTS (KOHA) |
| Source of classification or shelving scheme |
|
| Koha item type |
Lincoln Corner |